| 000 | 00500nam a22001817a 4500 | ||
|---|---|---|---|
| 003 | CEME | ||
| 005 | 20210628210135.0 | ||
| 008 | 210215b xxu||||| |||| 00| 0 eng d | ||
| 020 | _a81-7635-015-X | ||
| 040 | _c. | ||
| 082 | _a005.74 HOB | ||
| 100 |
_aHobbs, Ashton _978266 |
||
| 245 | _aTeach yourself database programming with jdbc in 21 days | ||
| 260 |
_aNEW DELHI _bTECHMEDIA _c1997 |
||
| 300 | _a523P | ||
| 650 |
_aJDBC PROGRAMMING DATABASE PROGRAMMING WITH JDBC _978267 |
||
| 942 |
_cBK _2ddc |
||
| 999 |
_c583414 _d583414 |
||